Chanteuses internationales par images - Statistiques

Statistiques générales
  • Ce quiz a été pris 109 fois
  • Le résultat moyen est 21 sur 44
Statistiques - réponses
Par images Hint Réponse % Correct
1988 Rihanna
96%
1977 Shakira
94%
1989 Taylor Swift
91%
1986 Lady Gaga
90%
1979 Pink
89%
1993 Ariana Grande
86%
1983 Amy Whinehouse
85%
1969 Mariah Carey
84%
2001 Billie Eilish
83%
1995 Dua Lipa
81%
1981 Britney Spears
80%
1984 Katy Perry
79%
1982 Nicki Minaj
79%
1999 Sabrina Carpenter
79%
1992 Cardi B
64%
1997 Camila Cabello
63%
1963 Whitney Houston
62%
1975 Sia
57%
2003 Olivia Rodrigo
56%
1966 Janet Jackson
52%
1974 Victoria Beckham
46%
1987 Kesha
44%
1994 Ava Max
42%
1980 Cristina Aguilera
37%
2002 Tyla
36%
1968 Kylie Minogue
35%
1996 Lorde
35%
1990 Rita Ora
32%
1964 Tracy Chapman
32%
1965 Björk
30%
2000 Willow Smith
28%
1991 Karol G
26%
1985 Lily Allen
26%
1998 Chappell Roan
25%
1972 Geri Halliwell
22%
1960 Kim Wilde
19%
1971 Mary J Blige
17%
1978 Nicole Scherzinger
16%
1976 Emma Bunton
9%
1970 Queen Latifah
9%
1961 Enya
7%
1962 Sandra
7%
1967 Toni Braxton
7%
1973 Juliette Lewis
5%
Aucun quiz correspondant
Distribution des résultats
% des personnes avec chaque résultat
Percentile par nombre de réponses
Votre historique - résultats
Vous n’avez pas pris ce quiz